[Event "Warsaw Najdorf Memorial op-A"]
[Site "Warsaw"]
[Date "2023.07.13"]
[Round "3"]
[White "Lisowski, Krzysztof"]
[Black "Zaninotto, Franco"]
[Result "1/2-1/2"]
[WhiteElo "2128"]
[BlackElo "2026"]
[PlyCount "92"]
[EventDate "2023.07.11"]
[EventType "swiss"]
[EventRounds "9"]
[EventCountry "POL"]
[SourceTitle "EXT 2024"]
[Source "ChessBase"]
[SourceDate "2023.10.10"]
[SourceVersion "1"]
[SourceVersionDate "2023.10.10"]
[SourceQuality "1"]

1. e4 c5 2. Nf3 g6 3. d4 cxd4 4. Nxd4 Nc6 5. Nc3 Bg7 6. Be3 Nf6 7. f3 0-0 8. Nb3 a5 9. a4 d5 10. exd5 Nb4 11. Nd4 Nfxd5 12. Nxd5 Qxd5 13. c3 Qe5 14. Qe2 Nd5 15. Bf2 Qf6 16. g3 e5 17. Nb5 Bf5 18. Bg2 Qe7 19. 0-0 Nc7 20. Rfe1 Nxb5 21. axb5 Be6 22. Bb6 a4 23. Bf1 Rfc8 24. Qe4 f5 25. Qe3 Bb3 26. Bd4 Re8 27. c4 Qf7 28. Ba7 Bxc4 29. Rxa4 Bxf1 30. Rxf1 Rad8 31. Bb6 Rd7 32. Qe2 Qe6 33. Qc4 Qxc4 34. Rxc4 Rd5 35. Rc5 Rxc5 36. Bxc5 Rd8 37. Rf2 Kf7 38. Kf1 Ke6 39. Re2 Rd3 40. Kf2 Kd5 41. Be3 Ke6 42. Rc2 Bf6 43. Rc7 Rd7 44. Rc8 Rd8 45. Rc7 Rd7 46. Rc8 Rd8 1/2-1/2

[Event "Warsaw Najdorf Memorial op-A"]
[Site "Warsaw"]
[Date "2023.07.11"]
[Round "1"]
[White "Zaninotto, Franco"]
[Black "Ladan, Nicholas John"]
[Result "0-1"]
[WhiteElo "2026"]
[BlackElo "2260"]
[PlyCount "86"]
[EventDate "2023.07.11"]
[EventType "swiss"]
[EventRounds "9"]
[EventCountry "POL"]
[SourceTitle "EXT 2024"]
[Source "ChessBase"]
[SourceDate "2023.10.10"]
[SourceVersion "1"]
[SourceVersionDate "2023.10.10"]
[SourceQuality "1"]

1. e4 e5 2. Nf3 Nc6 3. Nc3 Nf6 4. Bb5 Nd4 5. Nxd4 exd4 6. e5 dxc3 7. exf6 Qxf6 8. dxc3 Bc5 9. Qe2+ Qe6 10. Bc4 Qxe2+ 11. Bxe2 d6 12. 0-0 Be6 13. Bd3 a5 14. Re1 a4 15. a3 Ra5 16. b4 axb3 17. cxb3 Ra8 18. b4 Ba7 19. Bb2 d5 20. c4 dxc4 21. Bxc4 0-0 22. Bxe6 fxe6 23. Re2 Rad8 24. Kf1 Bxf2 25. Rxf2 Rxf2+ 26. Kxf2 Rd2+ 27. Kf3 Rxb2 28. Rd1 Rc2 29. Rd7 b5 30. h4 Rc3+ 31. Kf4 Rxa3 32. Rxc7 Rb3 33. Ke5 Rxb4 34. h5 h6 35. Kxe6 Rb1 36. g4 b4 37. Rb7 b3 38. Kf5 Kh7 39. Ke4 b2 40. Kd3 Kg8 41. Kc2 Rg1 42. Rb4 b1Q+ 43. Rxb1 Rxb1 0-1

[Event "EU-ch Seniors 50 22nd"]
[Site "Acqui Terme"]
[Date "2023.05.28"]
[Round "3"]
[White "Vehi Bach, Victor Manuel"]
[Black "Zaninotto, Franco"]
[Result "1/2-1/2"]
[WhiteElo "2236"]
[BlackElo "1999"]
[PlyCount "97"]
[EventDate "2023.05.26"]
[EventType "swiss"]
[EventRounds "9"]
[EventCountry "ITA"]
[SourceTitle "CBM 214 Extra"]
[Source "ChessBase"]
[SourceDate "2023.07.31"]
[SourceVersion "1"]
[SourceVersionDate "2023.07.31"]
[SourceQuality "1"]

1. e4 e6 2. d4 d5 3. Nc3 Nf6 4. Bg5 Bb4 5. e5 h6 6. Bd2 Bxc3 7. bxc3 Ne4 8. Qg4 Kf8 9. Qf4 c5 10. Bd3 Nxd2 11. Qxd2 Qa5 12. Nf3 Nd7 13. 0-0 c4 14. Be2 Nb6 15. Qc1 Qxc3 16. a4 Bd7 17. Ra3 Qa5 18. c3 Nxa4 19. Bd1 b5 20. Bxa4 bxa4 21. Nd2 Rb8 22. Ra2 g6 23. f4 Kg7 24. Qa3 Rb7 25. h3 Rhb8 26. Rf3 Qd8 27. g4 Qf8 28. Qc1 Rb6 29. Kg2 R8b7 30. Kg3 Qb8 31. Nf1 Rb1 32. Qe3 Rd1 33. f5 exf5 34. Qf2 Rbb1 35. Qg2 Qd8 36. Raf2 a3 37. Kh2 Qg5 38. Ng3 Rg1 39. Qxg1 Rxg1 40. Kxg1 Qc1+ 41. Rf1 Qb2 42. gxf5 g5 43. Nh5+ Kf8 44. e6 Bc6 45. Re3 a2 46. e7+ Kg8 47. e8Q+ Bxe8 48. Rxe8+ Kh7 49. Nf6+ 1/2-1/2

[Event "Warsaw Chess op-A"]
[Site "Warsaw"]
[Date "2022.07.23"]
[Round "7"]
[White "Sowul, Bartosz"]
[Black "Zaninotto, Franco"]
[Result "1-0"]
[WhiteElo "2283"]
[BlackElo "2069"]
[PlyCount "65"]
[EventDate "2022.07.18"]
[EventType "swiss"]
[EventRounds "9"]
[EventCountry "POL"]
[SourceTitle "CBM 209 Extra"]
[Source "ChessBase"]
[SourceDate "2022.09.30"]
[SourceVersion "1"]
[SourceVersionDate "2022.09.30"]
[SourceQuality "1"]

1. e4 e6 2. d4 d5 3. Nc3 Nf6 4. e5 Nfd7 5. Nce2 c5 6. c3 Nc6 7. Nf3 Qb6 8. a3 a5 9. Nf4 a4 10. h4 Qb3 11. Qd2 cxd4 12. cxd4 Nb4 13. Bd3 Nxd3+ 14. Nxd3 b6 15. Rh3 Ba6 16. Ng1 Rc8 17. Ne2 Bxd3 18. Rxd3 Qb5 19. h5 Be7 20. Nc3 Qa6 21. Rg3 Rg8 22. Qd1 Rc4 23. Qd3 f5 24. exf6 Nxf6 25. Re3 b5 26. Re2 Kf7 27. Bg5 Qb6 28. Bxf6 Bxf6 29. Qxh7 Qxd4 30. Qg6+ Ke7 31. Rd1 Qh4 32. Nxd5+ Kf8 33. Rxe6 1-0

[Event "Warsaw Najdorf Memorial op-A 17th"]
[Site "Warsaw"]
[Date "2019.07.06"]
[Round "1"]
[White "Malek, Daniel"]
[Black "Zaninotto, Franco"]
[Result "1-0"]
[WhiteElo "2362"]
[BlackElo "2094"]
[PlyCount "75"]
[EventDate "2019.07.06"]
[EventType "swiss"]
[EventRounds "9"]
[EventCountry "POL"]
[SourceTitle "CBM 191 Extra"]
[Source "ChessBase"]
[SourceDate "2019.09.30"]
[SourceVersion "1"]
[SourceVersionDate "2019.09.30"]
[SourceQuality "1"]

1. d4 Nf6 2. c4 e6 3. Nf3 d5 4. Nc3 c5 5. cxd5 Nxd5 6. e3 cxd4 7. exd4 Nxc3 8. bxc3 Qc7 9. Bd2 Nd7 10. Bd3 Bd6 11. 0-0 0-0 12. Qe2 Nf6 13. Ne5 b6 14. Rac1 Bb7 15. Rfe1 Rac8 16. Qe3 Nd5 17. Qh3 f5 18. c4 Nf6 19. Nf3 Bxf3 20. Qxf3 Rce8 21. g3 Qd7 22. d5 exd5 23. Bxf5 Qf7 24. cxd5 Nxd5 25. Rxe8 Rxe8 26. Bxh7+ Kf8 27. Qxf7+ Kxf7 28. Rc6 Ke7 29. Bf5 Rd8 30. Bg5+ Nf6 31. Kg2 Bb8 32. h4 Rd5 33. g4 Ra5 34. h5 Be5 35. Bd2 Rb5 36. a4 Rb2 37. Bc1 Ra2 38. Re6+ 1-0

[Event "Warsaw Najdorf Memorial op-A 14th"]
[Site "Warsaw"]
[Date "2016.07.09"]
[Round "2"]
[White "Zaninotto, Franco"]
[Black "Arat, Ufuk Sezen"]
[Result "1-0"]
[WhiteElo "2127"]
[BlackElo "2402"]
[PlyCount "91"]
[EventDate "2016.07.08"]
[EventType "swiss"]
[EventRounds "9"]
[EventCountry "POL"]
[SourceTitle "CBM 173 Extra"]
[Source "ChessBase"]
[SourceDate "2016.08.29"]
[SourceVersion "1"]
[SourceVersionDate "2016.08.29"]
[SourceQuality "1"]

1. e4 g6 2. d4 Bg7 3. Nf3 d6 4. c3 Nd7 5. Bd3 e5 6. 0-0 Ngf6 7. Re1 0-0 8. a4 a5 9. Na3 b6 10. Bb5 Bb7 11. d5 h6 12. b4 Nh7 13. Bc6 Bxc6 14. dxc6 Ndf6 15. Nc4 Qe8 16. b5 Qe6 17. Ne3 Rac8 18. Qd3 Nh5 19. Nd5 N7f6 20. c4 Nxd5 21. Qxd5 Qe7 22. Be3 Kh7 23. Nd2 f5 24. f3 f4 25. Bf2 g5 26. h3 Nf6 27. Qd3 h5 28. Kf1 Qe6 29. Ke2 Bh6 30. Nb1 g4 31. hxg4 hxg4 32. Rh1 Kg6 33. Nc3 Nh7 34. Nd5 g3 35. Bxb6 cxb6 36. Nxb6 Bg5 37. Qd5 Qe7 38. Nxc8 Rxc8 39. Rad1 Qa7 40. Qe6+ Kg7 41. b6 Qxb6 42. Qd7+ Kf8 43. Qxc8+ Bd8 44. c5 Qxc5 45. Qxd8+ Kg7 46. Qe7+ 1-0

[Event "Lazy op 12th"]
[Site "Lazy"]
[Date "2016.07.01"]
[Round "6"]
[White "Godzwon, Iwo"]
[Black "Zaninotto, Franco"]
[Result "1/2-1/2"]
[WhiteElo "1884"]
[BlackElo "2127"]
[PlyCount "65"]
[EventDate "2016.06.26"]
[EventType "swiss"]
[EventRounds "9"]
[EventCountry "POL"]
[SourceTitle "CBM 173 Extra"]
[Source "ChessBase"]
[SourceDate "2016.08.29"]
[SourceVersion "1"]
[SourceVersionDate "2016.08.29"]
[SourceQuality "1"]

1. e4 c5 2. Nf3 Nc6 3. d4 cxd4 4. Nxd4 g6 5. Nc3 Bg7 6. Be3 Nf6 7. Bc4 0-0 8. Bb3 Re8 9. 0-0 d6 10. h3 Na5 11. Re1 a6 12. Bg5 b5 13. Nd5 Nxb3 14. axb3 Nxd5 15. exd5 Bb7 16. c4 bxc4 17. bxc4 Rc8 18. Qd3 Qd7 19. Rad1 e6 20. dxe6 fxe6 21. b3 Qf7 22. Nc2 d5 23. cxd5 Bxd5 24. Ne3 Rc3 25. Qxa6 Rxb3 26. Nxd5 exd5 27. Rxe8+ Qxe8 28. Qd6 d4 29. Qd5+ Qf7 30. Qd8+ Qf8 31. Qd5+ Qf7 32. Qd8+ Qf8 33. Qd5+ 1/2-1/2

[Event "Warsaw Najdorf Memorial op-A"]
[Site "Warsaw"]
[Date "2012.08.09"]
[Round "5"]
[White "Malec, Sebastian"]
[Black "Zaninotto, Franco"]
[Result "1-0"]
[WhiteElo "2093"]
[BlackElo "2199"]
[PlyCount "51"]
[EventDate "2012.08.06"]
[EventType "swiss"]
[EventRounds "9"]
[EventCountry "POL"]
[SourceTitle "CBM 149 Extra"]
[Source "ChessBase"]
[SourceDate "2012.08.24"]
[SourceVersion "1"]
[SourceVersionDate "2012.08.24"]
[SourceQuality "1"]

1. e4 c5 2. Nf3 g6 3. c3 Bg7 4. Bc4 d6 5. 0-0 Nf6 6. Re1 0-0 7. h3 Nc6 8. d4 cxd4 9. cxd4 d5 10. exd5 Nxd5 11. Nc3 Nb6 12. Bb3 Nxd4 13. Nxd4 Qxd4 14. Qf3 Qf6 15. Qg3 e5 16. Bg5 Qf5 17. Ne4 h6 18. Be7 Bd7 19. Nd6 Qf4 20. Qxg6 Be6 21. Bxe6 fxe6 22. Qxe6+ Kh7 23. Bxf8 Rxf8 24. Ne4 Rc8 25. Rad1 Rc4 26. Rd6 1-0

[Event "Warsaw Najdorf Memorial op-A"]
[Site "Warsaw"]
[Date "2011.07.19"]
[Round "6"]
[White "Krasenkova, Ilena"]
[Black "Zaninotto, Franco"]
[Result "0-1"]
[WhiteElo "2092"]
[BlackElo "2203"]
[PlyCount "140"]
[EventDate "2011.07.13"]
[EventType "swiss"]
[EventRounds "9"]
[EventCountry "POL"]
[SourceTitle "CBM 143 Extra"]
[Source "ChessBase"]
[SourceDate "2011.08.29"]
[SourceVersion "1"]
[SourceVersionDate "2011.08.29"]
[SourceQuality "1"]

1. d4 g6 2. c4 Bg7 3. Nc3 c5 4. e3 Nf6 5. Nf3 0-0 6. g3 d5 7. dxc5 dxc4 8. Qxd8 Rxd8 9. Bxc4 Nbd7 10. Ke2 Nxc5 11. Ng5 e6 12. f3 h6 13. Nh3 b6 14. e4 Nfd7 15. Rd1 Bb7 16. Bf4 Ne5 17. Bxe5 Bxe5 18. Rxd8+ Rxd8 19. Rd1 Rc8 20. Bd3 Bxc3 21. bxc3 Na4 22. Kd2 Nxc3 23. Rc1 Na4 24. Rxc8+ Bxc8 25. f4 Nc5 26. Bc2 e5 27. Nf2 exf4 28. gxf4 Kf8 29. Ke3 Ke7 30. Nd1 a6 31. Nc3 Bb7 32. h4 b5 33. a3 Bc6 34. Kd4 Ne6+ 35. Ke3 Kd6 36. Bb3 f6 37. Ne2 Bd7 38. Nc1 Nc5 39. Bf7 g5 40. hxg5 hxg5 41. fxg5 fxg5 42. Kd4 Ne6+ 43. Ke3 Nf4 44. Kf3 Ke5 45. Nb3 g4+ 46. Kg3 Ne2+ 47. Kf2 Nc3 48. Bg6 Kf4 49. Nc5 g3+ 50. Kg2 Bc6 51. Nd3+ Ke3 52. Nb4 Bb7 53. Kxg3 Nxe4+ 54. Kg4 a5 55. Nc2+ Kd3 56. Ne1+ Kc3 57. Kf4 Nd2 58. Nd3 Nc4 59. Nc5 Bc6 60. Bh7 Nxa3 61. Ke3 b4 62. Bg8 a4 63. Ke2 Nc4 64. Bh7 a3 65. Bb1 Kb2 66. Nd3+ Kxb1 67. Nxb4 Bb5 68. Kd3 Kb2 69. Kd4 Na5 70. Kc5 Nc6 0-1